00501nam a22001817a 450000500170000000800410001702000290005804000190008704100080010605000180011410000220013224500520015426000290020630000200023560000220025565000160027765000260029320230412112723.0230330b |||||||| |||| 00| 0 eng d a9781846046384qPaperback aCBULibcCBULib aeng aD 805.G3 Fra aFrankl, Viktor E. aMan's search for meaningc/ by Viktor E. Frankl aLondon : bRider, c2020 axvii, 217 pages aFRANKL, VIKTOR E. aLOGOTHERAPY aPSYCHOLOGICAL ASPECTS